| 000 | 01037cad a22001935a 4500 | ||
|---|---|---|---|
| 001 | L154650 | ||
| 008 | 120110e20111216xxk 000 0 eng d | ||
| 035 | _a(Sirsi) u154650 | ||
| 041 | 0 | _aeng | |
| 110 | 2 |
_aSavills _92020 |
|
| 245 | 0 | 0 |
_aResidential _h[electronic resource] |
| 490 |
_aSavills Research Singapore Market in Minutes _v16 December 2011 |
||
| 520 | _aNew residential propery sales in Singapore are expected to slow in response to the worsening macro-economic conditions and additional property curbs, while leasing volume is expected to reach an historical high in 2011. Prices of new mass-market homes could dip 5%, while prices for high-end nonlanded homes may fall by 10% in 2012. Rents may correct by 5% in 2012. | ||
| 590 | _aKA | ||
| 651 | 4 | _aSingapore | |
| 690 | _aPROPERTY-RESIDENTIAL PROPERTY-RESIDENTIAL PROPERTY MARKET | ||
| 856 | 4 | 0 |
_uhttps://pdf.savills.asia/asia-pacific-research/singapore-research/singapore-residential/sg-mm-res-dec-2011.pdf _zView this item free of charge at pdf.savills.asia |
| 942 | _n0 | ||
| 999 |
_c83699 _d83699 |
||